000
00261nam a2200121 4500
008
190304b xxu||||| |||| 00| 0 eng d
041
_a
eng
080
_a
530
100
_a
43
101
_a
FIZ
245
_a
Fundamentals of Physics
_c
Semat,H
942
_2
ddc
_c
BK
999
_c
54412
_d
54412